| 000 | 00340nam a2200121Ia 4500 | ||
|---|---|---|---|
| 999 |
_c19349 _d19349 |
||
| 082 | _aRR 920.2025 ROS- | ||
| 245 | 0 | _aRoaster of information scientists in India | |
| 260 |
_aNew Delhi _bSociety for Information Science _c0 |
||
| 300 | _a274p. | ||
| 504 | _aIncludes index | ||
| 650 | _aInformation scientists - Biography - India | ||
| 942 | _cBK | ||